<?xml version="1.0" encoding="UTF-8"?>
<record
    xmlns:xsi="http://www.w3.org/2001/XMLSchema-instance"
    xsi:schemaLocation="http://www.loc.gov/MARC21/slim http://www.loc.gov/standards/marcxml/schema/MARC21slim.xsd"
    xmlns="http://www.loc.gov/MARC21/slim">

  <leader>00684nam a22001817a 4500</leader>
  <controlfield tag="008">121113b    2007spaMVZ | |||| 00| 0 spa d</controlfield>
  <datafield tag="020" ind1=" " ind2=" ">
    <subfield code="a">Nutrici&#xF3;n y diet&#xE9;tica: libro de bolsillo</subfield>
  </datafield>
  <datafield tag="050" ind1="0" ind2="4">
    <subfield code="a">RA784 F5518 2006 </subfield>
  </datafield>
  <datafield tag="100" ind1="1" ind2=" ">
    <subfield code="a">FINK, Erika </subfield>
  </datafield>
  <datafield tag="245" ind1="1" ind2="0">
    <subfield code="a">Nutrici&#xF3;n y diet&#xE9;tica: libro de bolsillo</subfield>
    <subfield code="c">autor, Erika Fink; traductor, Jaime Esa&#xED;n Escobar</subfield>
  </datafield>
  <datafield tag="260" ind1=" " ind2=" ">
    <subfield code="a">Espa&#xF1;a </subfield>
    <subfield code="b">Acribia</subfield>
  </datafield>
  <datafield tag="300" ind1=" " ind2=" ">
    <subfield code="a">xi, 251 p&#xE1;ginas</subfield>
  </datafield>
  <datafield tag="505" ind1=" " ind2=" ">
    <subfield code="a">Contenido: &#xED;ndice de contenido, pr&#xF3;logo, abreviaturas, &#xED;ndice, alfab&#xE9;tico, traducci&#xF3;n de: Ern&#xE4;hrung und Di&#xE4;tetik F&#xFC;r die Kitteltasche</subfield>
  </datafield>
  <datafield tag="650" ind1="1" ind2="7">
    <subfield code="a">NUTRICI&#xD3;N</subfield>
  </datafield>
  <datafield tag="650" ind1="1" ind2="7">
    <subfield code="a">DIET&#xC9;TICA </subfield>
  </datafield>
  <datafield tag="700" ind1="1" ind2=" ">
    <subfield code="a">ESA&#xCD;N ESCOBAR, Jaime trad.</subfield>
  </datafield>
  <datafield tag="942" ind1=" " ind2=" ">
    <subfield code="c">LB</subfield>
  </datafield>
  <datafield tag="952" ind1=" " ind2=" ">
    <subfield code="0">0</subfield>
    <subfield code="1">0</subfield>
    <subfield code="2">lcc</subfield>
    <subfield code="4">0</subfield>
    <subfield code="7">0</subfield>
    <subfield code="a">07</subfield>
    <subfield code="b">07</subfield>
    <subfield code="d">2012-11-13</subfield>
    <subfield code="l">1</subfield>
    <subfield code="o">RA784 F5518 2006 </subfield>
    <subfield code="p">07 003569</subfield>
    <subfield code="r">2015-04-08</subfield>
    <subfield code="s">2015-04-08</subfield>
    <subfield code="t">1</subfield>
    <subfield code="w">2012-11-13</subfield>
    <subfield code="y">LB</subfield>
  </datafield>
  <datafield tag="999" ind1=" " ind2=" ">
    <subfield code="c">88688</subfield>
    <subfield code="d">88688</subfield>
  </datafield>
</record>
